[Event "Swiss Queens Wed #16"]
[Site "FIDE Online Arena INT"]
[Date "2024.05.15"]
[Round "7"]
[White "Kaldarova, Ayaulym"]
[Black "Khachatryan, Anna"]
[Result "1-0"]
[WhiteElo "2100"]
[BlackElo "2014"]
[PlyCount "69"]
[EventDate "2024.05.15"]
[EventType "swiss (blitz)"]
[EventRounds "11"]
[EventCountry "NET"]
[SourceTitle "CB21_2024"]
[SourceDate "2024.05.22"]
[SourceVersion "1"]
[SourceVersionDate "2024.05.22"]
[SourceQuality "1"]

1. Nf3 c5 2. c4 g6 3. e3 Bg7 4. d4 Nf6 5. Nc3 0-0 6. Be2 d6 7. 0-0 Nc6 8. d5 Nb4 9. e4 e6 10. Bg5 exd5 11. cxd5 Bg4 12. Nd2 Bxe2 13. Qxe2 Re8 14. Qf3 Nc2 15. Rad1 Nd4 16. Qd3 Qc7 17. f4 Nd7 18. Kh1 b5 19. a3 b4 20. Ne2 bxa3 21. bxa3 c4 22. Nxc4 Nc5 23. Qh3 Nxe2 24. e5 dxe5 25. fxe5 Qxe5 26. Nxe5 Rxe5 27. d6 f5 28. d7 Nxd7 29. Rxd7 Rae8 30. Bh4 h5 31. Qb3+ Kh7 32. Qf7 Rg8 33. Bf6 Re7 34. Rxe7 Ng3+ 35. hxg3 1-0

[Event "Swiss Queens Wed #16"]
[Site "FIDE Online Arena INT"]
[Date "2024.05.15"]
[Round "4"]
[White "Nguyen, Hong Nhung"]
[Black "Kaldarova, Ayaulym"]
[Result "1-0"]
[WhiteElo "2063"]
[BlackElo "2100"]
[PlyCount "107"]
[EventDate "2024.05.15"]
[EventType "swiss (blitz)"]
[EventRounds "11"]
[EventCountry "NET"]
[SourceTitle "CB21_2024"]
[SourceDate "2024.05.22"]
[SourceVersion "1"]
[SourceVersionDate "2024.05.22"]
[SourceQuality "1"]

1. e4 c5 2. Nf3 d6 3. d4 cxd4 4. Nxd4 Nf6 5. Nc3 a6 6. Bg5 e6 7. f4 Be7 8. Qf3 h6 9. Bh4 Qc7 10. 0-0-0 b5 11. e5 Bb7 12. Qg3 Nh5 13. Qg4 dxe5 14. Nxe6 fxe6 15. Qxh5+ Kf8 16. fxe5 Nc6 17. Bd3 Bxh4 18. Rhf1+ Kg8 19. Qxh4 Nxe5 20. Kb1 Rc8 21. Qf4 Nxd3 22. Rxd3 Qxf4 23. Rxf4 Kh7 24. Rf7 Bc6 25. g3 Rhf8 26. Rxf8 Rxf8 27. b3 e5 28. Rd6 Bb7 29. Re6 Rf1+ 30. Kb2 Re1 31. Re7 Bf3 32. Re6 e4 33. Rxa6 e3 34. Re6 e2 35. Nxb5 Rh1 36. a4 e1Q 37. Rxe1 Rxe1 38. a5 Re5 39. c4 Bc6 40. Nd4 Rc5 41. Nxc6 Rxc6 42. Kc3 g5 43. b4 Kg6 44. b5 Rc5 45. Kb4 Rc8 46. b6 Kf5 47. b7 Rb8 48. a6 Ke6 49. Kb5 Kd7 50. Kb6 Rf8 51. c5 Rf6+ 52. Ka7 Kc6 53. b8Q Rf8 54. Qb7+ 1-0

[Event "Swiss Queens Wed #15"]
[Site "FIDE Online Arena INT"]
[Date "2024.05.08"]
[Round "6"]
[White "Kaldarova, Ayaulym"]
[Black "Cosman, Andreea Marioara"]
[Result "0-1"]
[WhiteElo "2103"]
[BlackElo "2180"]
[PlyCount "55"]
[EventDate "2024.05.08"]
[EventType "swiss (blitz)"]
[EventRounds "11"]
[EventCountry "NET"]
[SourceTitle "CB20_2024"]
[SourceDate "2024.05.16"]
[SourceVersion "1"]
[SourceVersionDate "2024.05.16"]
[SourceQuality "1"]

1. e4 c5 2. Nf3 d6 3. d4 Nf6 4. Nc3 cxd4 5. Nxd4 a6 6. Bg5 Nbd7 7. f4 h6 8. Bh4 Qb6 9. Nb3 Qe3+ 10. Qe2 Qxf4 11. Bg3 Qg4 12. Qe3 e5 13. Be2 Qg5 14. Qd3 Be7 15. h4 Qg6 16. 0-0-0 h5 17. Kb1 b6 18. Nd5 Nxd5 19. Qxd5 Rb8 20. Qd3 Bb7 21. Be1 Bxe4 22. Qd2 Rc8 23. Rc1 b5 24. Rg1 Nb6 25. g4 Nc4 26. Qd1 Ne3 27. gxh5 Qxg1 28. Qd2 0-1

[Event "Swiss Queens Wed #15"]
[Site "FIDE Online Arena INT"]
[Date "2024.05.08"]
[Round "3"]
[White "Roebers, Eline"]
[Black "Kaldarova, Ayaulym"]
[Result "0-1"]
[WhiteElo "2349"]
[BlackElo "2103"]
[PlyCount "90"]
[EventDate "2024.05.08"]
[EventType "swiss (blitz)"]
[EventRounds "11"]
[EventCountry "NET"]
[SourceTitle "CB20_2024"]
[SourceDate "2024.05.16"]
[SourceVersion "1"]
[SourceVersionDate "2024.05.16"]
[SourceQuality "1"]

1. f4 b6 2. e4 Bb7 3. Nc3 e6 4. d4 d6 5. Nf3 Nd7 6. Bd3 Ngf6 7. Qe2 Be7 8. 0-0 e5 9. fxe5 dxe5 10. dxe5 Nxe5 11. Nxe5 Qd4+ 12. Kh1 Qxe5 13. Bf4 Qc5 14. Nb5 0-0 15. Nxc7 Rac8 16. Nb5 a6 17. Be3 Qe5 18. Nc3 b5 19. Rf5 Qe6 20. e5 Nd5 21. Nxd5 Qxd5 22. Raf1 g6 23. R5f3 Qxe5 24. Rh3 Bc5 25. Qf2 Bxe3 26. Rxe3 Qc5 27. Qg3 Qc6 28. Re4 Rfd8 29. Ref4 Rc7 30. h4 Rcd7 31. h5 Qd6 32. hxg6 hxg6 33. R1f2 Kg7 34. Kg1 Rh8 35. Qg5 Re8 36. Rh4 Rh8 37. Rxh8 Kxh8 38. Qh4+ Kg8 39. Qg5 Qd4 40. Bxg6 Qd1+ 41. Rf1 Qd4+ 42. Kh1 fxg6 43. Qxg6+ Qg7 44. Qe8+ Kh7 45. Kg1 Qxg2# 0-1

[Event "Swiss Queens Wed #14"]
[Site "FIDE Online Arena INT"]
[Date "2024.05.01"]
[Round "3"]
[White "Avramidou, Anastasia"]
[Black "Kaldarova, Ayaulym"]
[Result "1-0"]
[WhiteElo "2287"]
[BlackElo "2110"]
[PlyCount "69"]
[EventDate "2024.05.01"]
[EventType "swiss (blitz)"]
[EventRounds "11"]
[EventCountry "NET"]
[SourceTitle "CB19_2024"]
[SourceDate "2024.05.08"]
[SourceVersion "1"]
[SourceVersionDate "2024.05.08"]
[SourceQuality "1"]

1. Nf3 Nf6 2. d4 e6 3. c4 b6 4. g3 Ba6 5. Nbd2 d5 6. Bg2 c6 7. b3 Be7 8. 0-0 0-0 9. Qc2 Nbd7 10. Bb2 Rc8 11. Rfe1 c5 12. dxc5 bxc5 13. Rad1 Qc7 14. e3 Rfd8 15. Rc1 Bb7 16. Red1 Qb8 17. cxd5 exd5 18. Nh4 Bf8 19. Nf5 g6 20. Nh4 Bg7 21. Qb1 Qa8 22. Qa1 a5 23. Bh3 Bf8 24. Bxf6 Nxf6 25. Qxf6 Bg7 26. Qf3 d4 27. e4 Rc6 28. Bg2 Rf6 29. Qd3 Ba6 30. Nc4 a4 31. e5 Rc6 32. Re1 Bb7 33. Rb1 axb3 34. Rxb3 Ra6 35. Bxb7 1-0

[Event "Swiss Queens Wed #14"]
[Site "FIDE Online Arena INT"]
[Date "2024.05.01"]
[Round "8"]
[White "Gomez Barrera, Javiera Belen"]
[Black "Kaldarova, Ayaulym"]
[Result "0-1"]
[WhiteElo "2209"]
[BlackElo "2110"]
[PlyCount "64"]
[EventDate "2024.05.01"]
[EventType "swiss (blitz)"]
[EventRounds "11"]
[EventCountry "NET"]
[SourceTitle "CB19_2024"]
[SourceDate "2024.05.08"]
[SourceVersion "1"]
[SourceVersionDate "2024.05.08"]
[SourceQuality "1"]

1. e4 c5 2. Nf3 d6 3. d4 cxd4 4. Nxd4 Nf6 5. Nc3 a6 6. Bg5 e6 7. f4 Nbd7 8. Qf3 Be7 9. 0-0-0 h6 10. Bxf6 Bxf6 11. g4 Qa5 12. h4 Rb8 13. Bg2 Qb4 14. a3 Qb6 15. Nde2 Qc7 16. g5 hxg5 17. hxg5 Rxh1 18. Rxh1 Be7 19. Rh8+ Nf8 20. Rg8 g6 21. Bh3 b5 22. f5 Bxg5+ 23. Kb1 Qe7 24. fxg6 fxg6 25. Qg3 b4 26. axb4 Rxb4 27. e5 Qb7 28. Nd1 Qd5 29. Nec3 Qxe5 30. Qf3 Be7 31. Qc6+ Bd7 32. Qxa6 Kf7 0-1

[Event "Swiss Queens Wed #14"]
[Site "FIDE Online Arena INT"]
[Date "2024.05.01"]
[Round "9"]
[White "Kaldarova, Ayaulym"]
[Black "Wagner, Dinara"]
[Result "1-0"]
[WhiteElo "2110"]
[BlackElo "2453"]
[PlyCount "165"]
[EventDate "2024.05.01"]
[EventType "swiss (blitz)"]
[EventRounds "11"]
[EventCountry "NET"]
[SourceTitle "CB19_2024"]
[SourceDate "2024.05.08"]
[SourceVersion "1"]
[SourceVersionDate "2024.05.08"]
[SourceQuality "1"]

1. e4 c5 2. Nf3 d6 3. d4 cxd4 4. Nxd4 Nf6 5. Nc3 a6 6. Bg5 e6 7. f4 Nbd7 8. Qe2 Qc7 9. 0-0-0 b5 10. g4 Bb7 11. Bg2 b4 12. Na4 Rc8 13. Rhe1 Qa5 14. b3 h6 15. Bh4 g5 16. fxg5 hxg5 17. Bg3 Ne5 18. h3 Bg7 19. Kb1 0-0 20. Nb2 Nfd7 21. h4 gxh4 22. Bxh4 Ng6 23. Bg3 Qc5 24. Na4 Qc7 25. Qd2 Nc5 26. Nb2 Qb6 27. Nc4 Qa7 28. Nxd6 Rcd8 29. Nxb7 Rxd4 30. Qf2 Nxb3 31. axb3 Rxd1+ 32. Rxd1 Qxb7 33. e5 Qb5 34. Be4 Nxe5 35. Qh2 Ng6 36. Bxg6 fxg6 37. Re1 Qc5 38. Qe2 Re8 39. Qd3 Qg5 40. Qc4 Qf6 41. Be5 Qf2 42. Qe4 Bxe5 43. Qxe5 Qf7 44. Rh1 Qg7 45. Qc5 Qe7 46. Qe5 Qg7 47. Qc5 Qb7 48. Rh2 Rf8 49. Qe5 Qg7 50. Qe2 Rf7 51. Rh1 Re7 52. Qxa6 Re8 53. Qc4 Qf6 54. Qe2 Qd4 55. Qh2 Qg7 56. Qe2 g5 57. Qe4 Re7 58. Qxb4 Re8 59. Qe4 Re7 60. Qe3 Re8 61. Qe4 Qf7 62. Qd3 Ra8 63. Qd4 Qg7 64. Qxg7+ Kxg7 65. Re1 Kf6 66. b4 Rc8 67. b5 Rc4 68. Ka2 Rb4 69. Rb1 Ra4+ 70. Kb3 Rxg4 71. c4 Rh4 72. b6 Ke7 73. c5 Rh8 74. Kb4 Kd7 75. Kb5 Rc8 76. Rd1+ Ke7 77. c6 g4 78. b7 Rc7 79. Kb6 Rxc6+ 80. Kxc6 g3 81. b8Q g2 82. Qc7+ Kf6 83. Qf4+ 1-0

[Event "Swiss Queens Wed #4"]
[Site "FIDE Online Arena INT"]
[Date "2024.02.21"]
[Round "4"]
[White "Brizzi, Milagros Tatiana"]
[Black "Kaldarova, Ayaulym"]
[Result "1-0"]
[WhiteElo "2092"]
[BlackElo "2110"]
[PlyCount "57"]
[EventDate "2024.02.21"]
[EventType "swiss (blitz)"]
[EventRounds "11"]
[EventCountry "NET"]
[SourceTitle "CB09_2024"]
[SourceDate "2024.02.28"]
[SourceVersion "1"]
[SourceVersionDate "2024.02.28"]
[SourceQuality "1"]

1. e4 c5 2. Nf3 d6 3. d4 cxd4 4. Nxd4 Nf6 5. Nc3 a6 6. Be3 e6 7. f3 Be7 8. Qd2 b5 9. g4 Bb7 10. 0-0-0 d5 11. g5 Nh5 12. exd5 exd5 13. Nf5 0-0 14. Nxd5 Bxd5 15. Qxd5 Bxg5 16. Qxa8 Bxe3+ 17. Nxe3 Qg5 18. Qe4 Nf6 19. Qd3 Re8 20. Re1 Nd5 21. Kb1 Nxe3 22. Bh3 Nc6 23. Rhg1 Qh6 24. Bd7 Nb4 25. Bxe8 Nxd3 26. cxd3 Kf8 27. Bd7 f6 28. Re2 Nd5 29. Rge1 1-0

[Event "Swiss Queens Wed #4"]
[Site "FIDE Online Arena INT"]
[Date "2024.02.21"]
[Round "3"]
[White "Kaldarova, Ayaulym"]
[Black "Arabidze, Meri"]
[Result "0-1"]
[WhiteElo "2110"]
[BlackElo "2461"]
[PlyCount "44"]
[EventDate "2024.02.21"]
[EventType "swiss (blitz)"]
[EventRounds "11"]
[EventCountry "NET"]
[SourceTitle "CB09_2024"]
[SourceDate "2024.02.28"]
[SourceVersion "1"]
[SourceVersionDate "2024.02.28"]
[SourceQuality "1"]

1. Nf3 c5 2. c4 Nf6 3. Nc3 g6 4. e4 Bg7 5. d4 cxd4 6. Nxd4 Nc6 7. Be3 d6 8. Be2 0-0 9. 0-0 Bd7 10. Nc2 a5 11. Qd2 a4 12. h3 Qa5 13. Rfd1 Rfc8 14. b3 Ng4 15. Bd4 Nxd4 16. Nxd4 Ne5 17. Nd5 Qd8 18. Qb4 Nc6 19. Nxc6 bxc6 20. Nb6 Rcb8 21. c5 Bxa1 22. Rb1 dxc5 0-1

[Event "Swiss Queens Wed #3"]
[Site "FIDE Online Arena INT"]
[Date "2024.02.14"]
[Round "4"]
[White "Kiseleva, Simona"]
[Black "Kaldarova, Ayaulym"]
[Result "0-1"]
[WhiteElo "2174"]
[BlackElo "2110"]
[PlyCount "140"]
[EventDate "2024.02.14"]
[EventType "swiss (blitz)"]
[EventRounds "11"]
[EventCountry "NET"]
[SourceTitle "CB08_2024"]
[SourceDate "2024.02.21"]
[SourceVersion "1"]
[SourceVersionDate "2024.02.21"]
[SourceQuality "1"]

1. d4 e6 2. c4 b6 3. e4 Bb4+ 4. Bd2 Bxd2+ 5. Nxd2 d5 6. cxd5 exd5 7. e5 Ne7 8. Bd3 c5 9. Ngf3 Nbc6 10. 0-0 Bg4 11. Qa4 0-0 12. Rfe1 c4 13. Bc2 b5 14. Qa3 a5 15. Qe3 Bf5 16. Bxf5 Nxf5 17. Qf4 Qd7 18. Rad1 Nb4 19. Qg4 Rad8 20. Nf1 a4 21. Ng5 Nh6 22. Qh5 Qf5 23. Ng3 Qg6 24. Qh4 Nd3 25. Re3 Nf5 26. Nxf5 Qxf5 27. Rf3 Qg6 28. b3 axb3 29. axb3 Ra8 30. bxc4 bxc4 31. h3 Ra2 32. Rg3 h6 33. Nf3 Qe6 34. Rd2 Rfa8 35. Rxa2 Rxa2 36. Qd8+ Kh7 37. Rg4 Nxf2 38. Rf4 Nd3 39. Rg4 Qf5 40. Qf8 g6 41. Kh2 Nf4 42. Qe7 Rxg2+ 43. Rxg2 Nxg2 44. Kxg2 c3 45. Qc5 c2 46. Kf2 Qd3 47. Ne1 Qd2+ 48. Kf3 c1Q 49. Qxc1 Qxc1 50. Nd3 Qc3 51. Ke3 Qa3 52. Ke2 h5 53. Nf4 h4 54. Nxd5 Qxh3 55. Nf6+ Kg7 56. Ne8+ Kf8 57. Nf6 Qg2+ 58. Ke3 h3 59. d5 h2 60. d6 Qg1+ 61. Ke4 Qd1 62. Nd7+ Ke8 63. Nf6+ Kf8 64. Nh7+ Kg7 65. Ng5 h1Q+ 66. Kf4 Qhf1+ 67. Kg3 Qdd3+ 68. Kh4 Qd4+ 69. Kg3 Qff2+ 70. Kh3 Qdh4# 0-1

[Event "Swiss Queens Wed #3"]
[Site "FIDE Online Arena INT"]
[Date "2024.02.14"]
[Round "6"]
[White "Papp, Petra"]
[Black "Kaldarova, Ayaulym"]
[Result "1-0"]
[WhiteElo "2267"]
[BlackElo "2110"]
[PlyCount "117"]
[EventDate "2024.02.14"]
[EventType "swiss (blitz)"]
[EventRounds "11"]
[EventCountry "NET"]
[SourceTitle "CB08_2024"]
[SourceDate "2024.02.21"]
[SourceVersion "1"]
[SourceVersionDate "2024.02.21"]
[SourceQuality "1"]

1. d4 e6 2. e4 d5 3. Nc3 Nf6 4. e5 Nfd7 5. f4 c5 6. Nf3 Nc6 7. Be3 Be7 8. Qd2 0-0 9. Nd1 cxd4 10. Nxd4 Nc5 11. Bd3 Bd7 12. 0-0 Rc8 13. c3 a6 14. Nf2 b5 15. Nxc6 Bxc6 16. Bd4 Qd7 17. b4 Ne4 18. Qe3 Nxf2 19. Rxf2 f5 20. exf6 Bxf6 21. Re1 Rce8 22. Be5 Qb7 23. Qd4 Qf7 24. h3 Bh4 25. Bd6 Bxf2+ 26. Qxf2 d4 27. Bxf8 Rxf8 28. Qxd4 Bd5 29. c4 bxc4 30. Bxc4 Qxf4 31. Qxf4 Rxf4 32. Bxd5 exd5 33. a3 Rd4 34. Kf2 Rd3 35. Re3 Rd1 36. Re6 d4 37. Rxa6 d3 38. Rd6 Kf7 39. Ke3 Rg1 40. Rxd3 Rxg2 41. Kd4 g6 42. Re3 Ra2 43. b5 h5 44. b6 Rb2 45. Kc5 Rc2+ 46. Kb4 Rc8 47. a4 g5 48. a5 g4 49. hxg4 hxg4 50. Rg3 Rb8 51. Rxg4 Ke6 52. Rd4 Ke5 53. Rd1 Ke6 54. Kb5 Rg8 55. a6 Rg5+ 56. Kc6 Rg2 57. Re1+ Kf7 58. a7 Rc2+ 59. Kb7 1-0

[Event "Titled Tuesday intern op 13th Feb Early"]
[Site "Chess.com INT"]
[Date "2024.02.13"]
[Round "5"]
[White "Kaldarova, Ayaulym"]
[Black "Delgado Kuffo, Andres"]
[Result "0-1"]
[WhiteElo "2110"]
[BlackElo "2320"]
[PlyCount "50"]
[EventDate "2024.02.13"]
[EventType "swiss (blitz)"]
[EventRounds "11"]
[EventCountry "USA"]
[SourceTitle "CB08_2024"]
[SourceDate "2024.02.21"]
[SourceVersion "1"]
[SourceVersionDate "2024.02.21"]
[SourceQuality "1"]

1. Nf3 Nf6 2. c4 g6 3. Nc3 Bg7 4. g3 d6 5. Bg2 0-0 6. 0-0 c6 7. d4 Qb6 8. e4 Bg4 9. h3 Bxf3 10. Bxf3 Nfd7 11. Ne2 c5 12. Be3 Qxb2 13. Rb1 Qxa2 14. Rxb7 Qxc4 15. e5 cxd4 16. Bxd4 dxe5 17. Bxa7 e4 18. Bg2 Qa6 19. Rxb8 Nxb8 20. Bxb8 Raxb8 21. Bxe4 Rfd8 22. Qe1 Rb2 23. Nf4 Qc4 24. Kh1 Bc3 25. Qa1 Qxe4+ 0-1

[Event "Titled Tuesday intern op 13th Feb Early"]
[Site "Chess.com INT"]
[Date "2024.02.13"]
[Round "7"]
[White "Kaldarova, Ayaulym"]
[Black "Matveeva, Olga"]
[Result "0-1"]
[WhiteElo "2110"]
[BlackElo "2156"]
[PlyCount "58"]
[EventDate "2024.02.13"]
[EventType "swiss (blitz)"]
[EventRounds "11"]
[EventCountry "USA"]
[SourceTitle "CB08_2024"]
[SourceDate "2024.02.21"]
[SourceVersion "1"]
[SourceVersionDate "2024.02.21"]
[SourceQuality "1"]

1. Nf3 d5 2. g3 Nf6 3. Bg2 e6 4. c4 Be7 5. 0-0 0-0 6. b3 c5 7. Bb2 Nc6 8. cxd5 Nxd5 9. d4 cxd4 10. Nxd4 Nxd4 11. Qxd4 Bf6 12. Qd2 Bxb2 13. Qxb2 Bd7 14. Na3 Bc6 15. Nc4 Nb4 16. Rfd1 Qc7 17. e4 Rfd8 18. Qe2 Rxd1+ 19. Rxd1 Rd8 20. a3 Na6 21. h4 h6 22. Rxd8+ Qxd8 23. Ne5 Be8 24. b4 Qd4 25. Ng4 Qa1+ 26. Kh2 Qxa3 27. b5 Nc5 28. e5 Qb4 29. Qd2 Qxd2 0-1

[Event "Swiss Queens Wed #1"]
[Site "FIDE Online Arena INT"]
[Date "2024.01.31"]
[Round "7"]
[White "Kaliakhmet, Elnaz"]
[Black "Kaldarova, Ayaulym"]
[Result "1/2-1/2"]
[WhiteElo "2000"]
[BlackElo "2110"]
[PlyCount "129"]
[EventDate "2024.01.31"]
[EventType "swiss (blitz)"]
[EventRounds "11"]
[EventCountry "NET"]
[SourceTitle "CB06_2024"]
[SourceDate "2024.02.07"]
[SourceVersion "1"]
[SourceVersionDate "2024.02.07"]
[SourceQuality "1"]

1. d4 e6 2. c4 b6 3. Nf3 Nf6 4. g3 Bb7 5. Bg2 c5 6. d5 b5 7. dxe6 fxe6 8. cxb5 d5 9. 0-0 Bd6 10. a4 0-0 11. b3 Nbd7 12. Bb2 e5 13. Na3 Qe7 14. e3 Rae8 15. Nd2 e4 16. Qe2 Ne5 17. Bxe5 Bxe5 18. Rab1 d4 19. exd4 cxd4 20. Nac4 Bb8 21. Rbe1 Qb4 22. Qd1 e3 23. Bxb7 exd2 24. Nxd2 Bd6 25. Bc6 Rd8 26. Qc2 Bc5 27. Qc4+ Qxc4 28. Nxc4 d3 29. Re5 Bd4 30. Re7 Ng4 31. Kg2 Nxf2 32. a5 Ng4 33. Rxf8+ Kxf8 34. Rd7 Rxd7 35. Bxd7 Ne3+ 36. Nxe3 Bxe3 37. Kf3 Bd4 38. Bf5 d2 39. Ke2 Bc3 40. a6 Ba5 41. Bxh7 Ke7 42. Bc2 Kd6 43. Kd3 Kc5 44. h3 Kd6 45. g4 Ke5 46. Kc4 Kf4 47. b4 Bb6 48. Kd3 Kg3 49. Kxd2 Kxh3 50. Bf5 Kh4 51. Kd3 Kg5 52. Ke4 Kf6 53. Bc8 Kg5 54. Kd5 Kf4 55. Kc6 Kg5 56. Kd6 Kf6 57. Bd7 g5 58. Kd5 Be3 59. Ke4 Bb6 60. Bf5 Bg1 61. Bc8 Bb6 62. Bb7 Bg1 63. Bc8 Bb6 64. Bb7 Bg1 65. Bc8 1/2-1/2

[Event "KAZ-ch (Women)"]
[Site "Astana"]
[Date "2023.12.18"]
[Round "5"]
[White "Popandopulo, Kristina"]
[Black "Kaldarova, Ayaulym"]
[Result "1-0"]
[WhiteElo "1865"]
[BlackElo "2015"]
[PlyCount "93"]
[EventDate "2023.12.13"]
[EventType "tourn"]
[EventRounds "9"]
[EventCountry "KAZ"]
[SourceTitle "CB52_2023"]
[SourceDate "2023.12.27"]
[SourceVersion "1"]
[SourceVersionDate "2023.12.27"]
[SourceQuality "1"]

1. e4 e6 2. d4 d5 3. Nc3 Bb4 4. e5 c5 5. a3 Bxc3+ 6. bxc3 Nc6 7. Nf3 Qa5 8. Bd2 c4 9. g3 Bd7 10. Bh3 h6 11. 0-0 0-0-0 12. Ne1 f6 13. f4 g5 14. Nf3 fxe5 15. Nxe5 Nxe5 16. fxe5 Ne7 17. Rf6 Qa6 18. Qf3 Rde8 19. Qh5 Ng8 20. Qxe8+ Bxe8 21. Rxe6 Qa4 22. Ra6+ Kc7 23. Rxa4 Bxa4 24. Rf1 Rh7 25. Be6 Ne7 26. Rf7 Rxf7 27. Bxf7 Bxc2 28. h4 gxh4 29. gxh4 Nf5 30. Bxd5 Nxh4 31. Bxh6 b5 32. Kf2 a5 33. Bf8 Bg6 34. Bd6+ Kd7 35. Bc5 Nf5 36. Kf3 Ng7 37. Be4 Bh5+ 38. Ke3 Bg4 39. d5 Bh3 40. Kd4 Nf5+ 41. Bxf5+ Bxf5 42. e6+ Kc8 43. Ke5 Bg6 44. d6 Be8 45. Kd5 b4 46. axb4 a4 47. Kxc4 1-0